Güneydoğu Anadolu'nun sürdürülebilir kalkınma potansiyeli / (Kayıt no. 10190)

MARC ayrıntıları
000 -BAŞLIK
Sabit Uzunluktaki Kontrol Alanı 00715nam a22002297a 4500
003 - KONTROL NUMARASI KİMLİĞİ
Kontrol Alanı KOHA_MİRAKIL
005 - EN SON İŞLEM TARİHİ ve ZAMANI
Kontrol Alanı 20260414071429.0
008 - SABİT UZUNLUKTAKİ VERİ ÖGELERİ - GENEL BİLGİ
Sabit Alan 260408b tu ||||| |||| 00| 0 tur d
020 ## - ISBN - ULUSLARARASI STANDART KİTAP NUMARASI
Isbn 9757914053
040 ## - KATALOGLAMA KAYNAĞI
Özgün Kataloglama Kurumu TR-AnABB
Kataloglama Dili tur
Çeviri Kurumu TR-AnABB
041 ## - DİL KODU
Metin ya da ses kaydının dil kodu tur
082 ## - DEWEY ONU SINIFLAMA SİSTEMİ
Sınıflama Numarası 338.9564
Cutter numarası RIC 1995
100 1# - KİŞİ ADI
Yazar Adı (Kişi adı) Richardson, Matthew
245 10 - ESER ADI BİLDİRİMİ
Başlık Güneydoğu Anadolu'nun sürdürülebilir kalkınma potansiyeli /
Sorumluluk Bildirimi Matthew Richardson
260 ## - YAYIN, DAĞITIM, VB.
Yayın Yeri Ankara :
Yayınevi TES-AR Yayınları,
Yayın Tarihi 1995
300 ## - FİZİKSEL TANIMLAMA
Sayfa, Cilt vb. 76 sayfa ;
Boyutları 20 cm
490 0# - DİZİ BİLDİRİMİ
Dizi Bildirimi TES-AR Yayınları ;
Cilt Numarası No: 15
650 04 - KONU BAŞLIĞI EK GİRİŞ - KONU TERİMİ
Konusal terim veya coğrafi ad Ekonomik politika
650 04 - KONU BAŞLIĞI EK GİRİŞ - KONU TERİMİ
Konusal terim veya coğrafi ad Ekonomik politika, Türkiye
900 ## - YEREL BİLGİ
Kontrol Can ÇELIK
942 ## - EK GİRİŞ ÖGELERİ (KOHA)
Sınıflama Kaynağı Dewey Decimal Classification
Materyal Türü Kitap
Mevcut
Geri Çekilme Durumu Kayıp Durumu Sınıflandırma Kaynağı Kredi için değil Kalıcı Konum Mevcut Konum Kayıt Tarih Toplam Ödünçverme Yer Numarası Demirbaş Numarası Son Görülme Tarihi Fatura Tarihi Materyal Türü
    Dewey Decimal Classification   Prof. Dr. Ruşen Keleş Kütüphanesi Prof. Dr. Ruşen Keleş Kütüphanesi 08/04/2026   338.9564 RIC 1995 RK7013 08/04/2026 08/04/2026 Kitap